Normal view
MARC view
- تحقيق وتقديم: الحافظ، محمد مطيع
Entry Personal Name
001 - CONTROL NUMBER
- control field: 8848
003 - CONTROL NUMBER IDENTIFIER
- control field: JO-AjAnu
005 - DATE AND TIME OF LATEST TRANSACTION
- control field: 20230606071727.0
008 - FIXED-LENGTH DATA ELEMENTS
- fixed length control field: 230606|| aca||aabn | a|a d
040 ## - CATALOGING SOURCE
- Original cataloging agency: JO-AjAnu
- Transcribing agency: JO-AjAnu
100 ## - HEADING--PERSONAL NAME
- Personal name: تحقيق وتقديم: الحافظ، محمد مطيع
670 ## - SOURCE DATA FOUND
- Source citation: Work cat.: (JO-AjAnu)4565: تحقيق وتقديم: الحافظ، محمد مطيع, author, الجامع الأموي بدمشق : نصوص لابن جبير، والعمري، والنعيمي